Kvalitatívny výskum ako podporný nástroj pri rozhodovaní o budovaní osobnosti značky bakalárska práca

Gespeichert in:
Bibliographische Detailangaben
1. Verfasser: Kalafusová, Nicol
Körperschaft: Obchodná fakulta EU. Katedra marketingu
Weitere Verfasser: Kopaničová, Janka, 1979-
Format: Buch
Sprache:Slowakisch
Veröffentlicht: Bratislava 2024
Tags: Tag hinzufügen
Keine Tags, Fügen Sie das erste Tag hinzu!

MARC

LEADER 00000nbm a2200000 4500
001 0302227
005 20250617084749.2
041 0 |a slo 
044 |a SK 
245 1 0 |a Kvalitatívny výskum ako podporný nástroj pri rozhodovaní o budovaní osobnosti značky  |b bakalárska práca  |c Nicol Kalafusová ; školiteľ: Janka Kopaničová 
264 1 |a Bratislava  |c 2024 
300 |a 46 s. 
100 1 |a Kalafusová, Nicol 
700 1 |a Kopaničová, Janka, 1979- 
710 2 |a Obchodná fakulta EU. Katedra marketingu